000 01531aam a2200541 4500
005 20250929100320.0
008 150611b2012 xxu||||| |||| 00| 0 spa d
020 _a9788426717351
041 _aESP
082 _a613.62 C925t
100 _aCreus Solé, Antonio
_918654
245 _aTécnicas para la prevención de riesgos laborales
260 _aEspaña
260 _bMarcombo
260 _c2012
300 _a1186 páginas
300 _bIlustraciones a blanco y negro
490 _aDirección de Educación Comunitaria y Asistencia Técnica
490 _aTemática General
650 _aSALUD OCUPACIONAL
650 _aRIESGOS LABORALES
650 _aRESPONSABILIDAD ADMINISTRATIVA
650 _aRESPONSABILIDAD CIVIL
650 _aRESPONSABILIDAD PENAL
650 _aACCIDENTES DE TRABAJO
650 _aSEGURIDAD VIAL
650 _aERGONOMÍA
650 _aACCIDENTES LABORALES
650 _aSEGURIDAD EN EL TRABAJO
650 _aEVALUACIÓN DE RIESGO
650 _aINCENDIOS
650 _aSEÑALIZACIÓN
650 _aPLAN DE EMERGENCIA
650 _aRIESGO ELÉCTRICO
650 _aPRIMEROS AUXILIOS
650 _aEXPLOCIONES
650 _aHIGIENE INDUSTRIAL
650 _aENFERMEDAD DEL TRABAJO
650 _aVENTILACIÓN
650 _aMEDICINA DE TRABAJO
650 _aAGENTES BIOLÓGICOS
650 _aEPIDEMOLOGÍA
650 _aESTRÉS
650 _aDISCAPACIDAD
650 _aGESTIÓN DE CALIDAD
650 _aGESTIÓN MEDIO AMBIENTAL
942 _cBK
_2ddc
999 _c2788
_d2788